|
|
|
|
| LEADER |
00000cam a2200000 a 4500 |
| 001 |
37067 |
| 005 |
20230308184700.0 |
| 008 |
013092|2011 ||||||||r|||||||||||spa|| |
| 020 |
|
|
|a 9788480868198
|
| 040 |
|
|
|b spa
|
| 041 |
1 |
|
|a spa
|
| 082 |
0 |
|
|a 612
|
| 100 |
1 |
|
|a Hall, John E.
|d 1946-
|9 87739
|
| 245 |
|
|
|a tratado de fisiología médica
|c John E. Hall
|h imp
|
| 245 |
|
|
|a Guyton y Hall: Tratado de fisiología médica
|
| 250 |
|
|
|a 12a ed.
|
| 264 |
|
|
|a Amsterdan
|b Elsevier-Saunders
|c 2011
|
| 300 |
|
|
|a xix, 1092 páginas:
|b ilu
|c 22 x 28 cm
|
| 500 |
|
|
|a Con acceso por IP www.studentconsult.com
|
| 504 |
|
|
|a incl. ref.
|
| 520 |
3 |
|
|a Unidad i: Introducción a la fisiología: la célula y la fisiología general; UNIDAD II : Fisiología de la membrana, el nervio y el músculo , UNIDAD III : El corazón , UNIDAD IV : La circulación, UNIDAD V: Los líquidos corporales y los riñones, UNIDAD VI : Células sanguíneas, inmunidad y coagulación sanguínea, UNIDAD VII: Respiración, UNIDAD VIII: Fisiología de la aviación, el espacio
|
| 650 |
|
0 |
|a Célula
|9 54757
|
| 650 |
|
|
|a Fisiologia de la membrana
|9 107498
|
| 650 |
|
|
|a Corazon
|9 74304
|
| 650 |
|
|
|a Circulacion
|9 30129
|
| 650 |
|
|
|a Liquidos corporales
|9 81774
|
| 650 |
|
|
|a Riñones
|9 87735
|
| 650 |
|
|
|a Celulas sanguineas
|9 87737
|
| 650 |
|
|
|a Coagulacion sanguinea
|9 85198
|
| 650 |
|
|
|a Inmunidad
|9 38965
|
| 650 |
|
4 |
|a Respiración
|9 38852
|
| 650 |
|
|
|a Sistema nervioso
|9 4588
|
| 650 |
|
|
|a Sentidos especiales
|9 93236
|
| 650 |
|
|
|a Fisiologia gastrointestinal
|9 85788
|
| 650 |
|
|
|a Metabolismo
|9 34393
|
| 650 |
|
|
|a Regulacion de la temperatura
|9 107499
|
| 650 |
|
0 |
|a Endocrinología
|9 15366
|
| 650 |
|
|
|a Reproduccion
|9 63196
|
| 852 |
|
|
|a UC-SALUD
|c ESTANTERIA ABIERTA
|f Compra
|k luis.contrerase
|l 1
|m General
|p 20130925
|q 96
|t 37067
|w Odontología
|y 000462822
|b 0
|d CDRS
|e CDRS
|g 612 ESTANTERIA ABIERTA
|z 2013-30-92
|
| 856 |
|
|
|a http://sibuc.ucuenca.edu.ec/portada/37067.jpg
|
| 942 |
|
|
|c BK
|0 53
|
| 999 |
|
|
|c 67058
|d 67058
|